The joy luck club

Đã lưu trong:
书目详细资料
主要作者: Tan, Amy
格式: 图书
语言:Undetermined
出版: Oxford Oxford University Press 2002
主题:
标签: 添加标签
没有标签, 成为第一个标记此记录!
Thư viện lưu trữ: Trung tâm Học liệu Trường Đại học Cần Thơ
LEADER 00498nam a2200193Ia 4500
001 CTU_88457
008 210402s9999 xx 000 0 und d
020 |c 44000 
082 |a 813.54 
082 |b T161 
100 |a Tan, Amy 
245 4 |a The joy luck club 
245 0 |c Amy Tan 
260 |a Oxford 
260 |b Oxford University Press 
260 |c 2002 
650 |a American fiction,American literature 
904 |i Giang,Hải 
980 |a Trung tâm Học liệu Trường Đại học Cần Thơ